Normal view MARC view
  • Asiain Cordoba, María de Lourdes

Entry Nombre Personal

Number of records used in: 1

001 - NUMERO DE CONTROL

  • campo de control: 46250

003 - IDENTIFICADOR DE NUMERO DE CONTROL

  • campo de control: DLC

005 - FECHA Y HORA DE LA ÜLTIMA TRANSACCIÓN

  • campo de control: 20220922135339.0

008 - DATOS DE LONGITUD FIJA

  • campo de control de longitud fija: 220922n|eazannaabn |a aaa c

010 ## - NÚMERO DE CONTROL DE LA BIBLIOTECA DEL CONGRESO

  • Número de control LC: ns2017002231

035 ## - NUMERO DE CONTROL

  • Número de control: (CaEvSKY)skya11467094

040 ## - FUENTE DE CATALOGACIÓN

  • Agencia original de catalogación: MX-SnUAN
  • Lenguaje de catalogación: spa
  • Description conventions: rda
  • Agencia de transcripción: MX-SnUAN
  • Agencia que lo modifica: MX-MxUPN

100 1# - ENCABEZAMIENTO - NOMBRE PERSONAL

  • Nombre personal: Asiain Cordoba, María de Lourdes

374 ## - OCUPACIÓN

  • Occupation: Traductora
  • Fuente del término: lcsh

375 ## - GÉNERO

  • Gender: femenino

377 ## - LENGUA ASOCIADA

  • Language code: spa
  • Language code: eng

400 1# - VEÁSE - NOMBRE DE PERSONA

  • Personal name: Cordoba, María de Lourdes Asiain

670 ## - FUENTE EN LA QUE SE LOCALIZARON DATOS

  • Cita de la fuente: Mujeres, trabajo y región fronteriza, 2016:
  • Información localizada: reverso de la portada (traducción de María de Lourdes Asiain Cordoba)

902 ## - CATALOGADOR

  • Catalogador: NDAF/220922